Numerical Recipes : (Record no. 3472)
[ view plain ]
| 000 -LEADER | |
|---|---|
| fixed length control field | 01245cac a22002411u 4500 |
| 008 - FIXED-LENGTH DATA ELEMENTS--GENERAL INFORMATION | |
| fixed length control field | 081102t1986 xxu||||| |||| 00| 0 eng d |
| 010 ## - LIBRARY OF CONGRESS CONTROL NUMBER | |
| LC control number | 85011397 |
| 020 ## - INTERNATIONAL STANDARD BOOK NUMBER | |
| International Standard Book Number | 0521308119 |
| 082 00 - DEWEY DECIMAL CLASSIFICATION NUMBER | |
| Classification number | 001.6420151 |
| Item number | NUM |
| 245 00 - TITLE STATEMENT | |
| Title | Numerical Recipes : |
| Remainder of title | The Art of Scientific Computing / |
| Statement of responsibility, etc | William H. Press ... [et al.]. |
| 260 ## - PUBLICATION, DISTRIBUTION, ETC. (IMPRINT) | |
| Place of publication, distribution, etc | Cambridge [Cambridgeshire] ; |
| -- | New York : |
| Name of publisher, distributor, etc | Cambridge University Press, 1986 |
| Date of publication, distribution, etc | 1986. |
| 300 ## - PHYSICAL DESCRIPTION | |
| Extent | xx, 818 p. : |
| Other physical details | ill. ; |
| Dimensions | 24 cm. |
| 504 ## - BIBLIOGRAPHY, ETC. NOTE | |
| Bibliography, etc | Includes bibliographical references p. 668-672 and index |
| 650 #0 - SUBJECT ADDED ENTRY--TOPICAL TERM | |
| Topical term or geographic name as entry element | Numerical analysis |
| General subdivision | Computer programs. |
| 9 (RLIN) | 17882 |
| 650 #0 - SUBJECT ADDED ENTRY--TOPICAL TERM | |
| Topical term or geographic name as entry element | Science |
| General subdivision | Mathematics |
| -- | Computer programs. |
| 9 (RLIN) | 17883 |
| 650 #0 - SUBJECT ADDED ENTRY--TOPICAL TERM | |
| Topical term or geographic name as entry element | FORTRAN (Computer program language) |
| 9 (RLIN) | 17884 |
| 650 #0 - SUBJECT ADDED ENTRY--TOPICAL TERM | |
| Topical term or geographic name as entry element | Pascal (Computer program language) |
| 9 (RLIN) | 17885 |
| 700 1# - ADDED ENTRY--PERSONAL NAME | |
| Personal name | Press, William H. |
| 9 (RLIN) | 17886 |
| 856 42 - ELECTRONIC LOCATION AND ACCESS | |
| Materials specified | Publisher description |
| Uniform Resource Identifier | <a href="http://www.loc.gov/catdir/description/cam031/85011397.html">http://www.loc.gov/catdir/description/cam031/85011397.html</a> |
| 942 ## - ADDED ENTRY ELEMENTS (KOHA) | |
| Item type | Book - Borrowing |
| Call number prefix | 001.6420151 NUM |
| Source of classification or shelving scheme | Dewey Decimal Classification |
| Withdrawn status | Item status | Source of classification or shelving scheme | Damaged status | Not for loan | Vendor | Home library | Current library | Shelving location | Date acquired | Source of acquisition | Total Checkouts | Full call number | Barcode | Date last seen | Koha item type |
|---|---|---|---|---|---|---|---|---|---|---|---|---|---|---|---|
| Dewey Decimal Classification | Central Library | Central Library | Lower Floor | 07/12/2013 | 001.6420151 NUM | 000002563 | 15/07/2025 | Book - Borrowing | |||||||
| Dewey Decimal Classification | Central Library | Central Library | Lower Floor | 21/03/2011 | 001.6420151 NUM | 000002507 | 15/07/2025 | Book - Borrowing |